000 00319nam a22001337a 4500
008 170302b xxu||||| |||| 00| 0 eng d
020 _a003058373X
041 _aeng
080 _a616.073
100 _a6
101 _aSHM
245 _aMODELS AND TECHNIQUES IN MEDICAL IMAGING RESEARCH
_cMILNE, E.N.C
942 _2udc
_cBK
999 _c6534
_d6534